| 000 | 00717cam a2200217 4500 | ||
|---|---|---|---|
| 001 | ABS62472 | ||
| 008 | 000000n2000 000 0 eng u | ||
| 035 | _a(Sirsi) u106373 | ||
| 100 | _aJohnson, R. | ||
| 245 | _aEarthly powers | ||
| 260 | _c2000 | ||
| 490 |
_aSurveyor _v 25 May 2000, 13-14(2) |
||
| 520 | _aOutlines the new duties of local authorities, as the primary regulators of the contaminated land regime under the Environment Act 1995 which came into force on 1 April 2000. | ||
| 590 | _aABS | ||
| 650 | _aCONTAMINATED LAND | ||
| 650 | _aCONTAMINATED LAND (ENGLAND) REGULATIONS 2000 | ||
| 650 | _aLOCAL AUTHORITIES | ||
| 650 | _aREMEDIATION | ||
| 690 | _aENVIRONMENT-CONTAMINATION | ||
| 942 | _n0 | ||
| 999 |
_c63717 _d63717 |
||